| 000 | 00337nam a22001337a 4500 | ||
|---|---|---|---|
| 008 | 180924b xxu||||| |||| 00| 0 eng d | ||
| 020 | _a9780787941185 | ||
| 041 | _aeng | ||
| 080 | _a370 | ||
| 100 | _a48 | ||
| 101 | _aEDU | ||
| 245 |
_aForms Ethical And Intellectual Development In tHE College Years _cPerry.W.G |
||
| 942 |
_2udc _cBK |
||
| 999 |
_c48348 _d48348 |
||